000 00808cab a2200241 4500
001 WB2927-41
008 090401t1993 xxu||||| |||| 00| 0 eng d
035 _a(Sirsi) u72263
041 _aeng
245 _aGeneral Council plans rejected
260 _c1993
350 _a0
490 _aEstates Times
_v(1197) 9 July 1993, 2(1)
520 _aRICS General Council has withdrawn plans to charge members a £5 levy to protect clients` money. Disci[linary boards are urged to deal more leniently with members who break RICS rules through no fault of their own.
650 _aCLIENTS MONEY
650 _aDISCIPLINARY BOARDS
650 _aGENERAL COUNCIL
650 _aLEVY
650 _aRICS
690 _aMANAGEMENT-BUSINESS MANAGEMENT-PROFESSIONAL PRACTICE
942 _n0
948 _c04/03/1997
999 _c45634
_d45634